Suomen maantiedettä kartalla - Statistics

Yleistilastot
  • Tätä visaa on pelattu 2 774 kertaa
    2 746 viimeisimmän päivityksen jälkeen
  • Keskiarvotulos 19 / 25
Vastaukset kartalla
Vastauksille on annettu kartalla punavihreä väri sen mukaan, kuinka moni on saanut sen oikein.
 
Vastaustilastot
Class Vastaus % Oikein
nm Norja
96%
nm Ruotsi
96%
nm Venäjä
96%
k Turku
95%
k Tampere
94%
k Kuopio
91%
saar Manner-Ahvenanmaa
91%
j Saimaa
91%
k Rovaniemi
90%
k Joensuu
88%
h Halti
83%
mk Kainuu
82%
joet Kemijoki
81%
mk Keski-Pohjanmaa
78%
mk Satakunta
78%
j Päijänne
75%
mk Kanta-Häme
73%
saar Hailuoto
72%
j Inarijärvi
71%
mk Kymenlaakso
71%
h Koli
65%
j Oulujärvi
58%
j Pielinen
50%
joet Kokemäenjoki
43%
saar Raippaluoto
34%
Ehtoja vastaavia visoja ei löytynyt
Tulosjakauma
Jokaisen tuloksen saaneiden osuus
Persentiili vastausten määrän mukaan
Tuloshistoriasi
Et ole pelannut tätä visaa sen viimeisimmän päivityksen jälkeen